000 00218nam a2200097Ia 4500
008 170619s9999 xx 000 0 und d
100 _aSINGH- V P
245 0 _aCOMPUTER COURSE
260 _bPEARSON EDU. DELHI
260 _c2002
546 _aENGLISH
999 _c22946
_d22946